000 00436nam a2200157 i 4500
001 94475
003 ES-MaACL
005 20230906181502.0
007 t|
008 050504s1961 sp ||||1| spa d
100 1 _aLorenzo, Pedro de.
_974161
245 1 0 _aExtremadura
_b: la fantasía heróica /
_cPedro de Lorenzo.
260 _aMadrid :
_bEd. Nacional,
_c1961.
300 _a351 p. ;
_c24 cm.
852 _aES-MaACL
_jC-20632
_bR.49013
999 _c94475
_d94475